000 00982nam a2200229Ia 4500
003 IN-BaIIA
008 211028s9999 xx s 000 0 eng d
020 _a978-1-108-49213-3 (Print)
022 _a1743-9213 (Print)
022 _a1743-9221 (Online)
040 _cIIA Library
100 _ada Cunha, E., ed.
_940761
245 0 _aUncovering Early Galaxy Evolution in the ALMA and JWST Era
_h[eBook]
260 _aCambridge
_bCambridge University Press
_c2020
300 _aOnline resource
490 _aIAU Symposium; no. 352
700 _aAfonso, J., ed.
_940762
700 _aHodge, J., ed.
_940763
700 _aPentericci, L., ed.
_940764
856 _uhttps://www.cambridge.org/core/journals/proceedings-of-the-international-astronomical-union/issue/uncovering-early-galaxy-evolution-in-the-alma-and-jwst-era/E948747822E39361A90A7E27D9FA11CE
_yClick Here to Access eBook
942 _cEB
999 _c22059
_d22059